000 00386nam a2200169Ia 4500
005 20250508163021.0
008 008 250505s9999 xx 000 0 eng d
037 _aPeriodicals
040 _aFEDL
_beng
_cFEDL
041 _aeng
_2eng
084 _qFEDL
245 0 _aSchool and society. Vols
260 _c1958
490 _vVol 67
942 _cCR
999 _c1380254
_d1380254